CYCLOPEDIA CIVIL ENGINEERING (Record no. 1178014)

MARC details
000 -LEADER
fixed length control field 00285nam a2200109Ia 4500
008 - FIXED-LENGTH DATA ELEMENTS--GENERAL INFORMATION
fixed length control field 230724s1927 xx und d
041 ## - LANGUAGE CODE
Language code of text/sound track or separate title eng
100 ## - MAIN ENTRY--PERSONAL NAME
Personal name IX TH VOL.I
245 ## - TITLE STATEMENT
Title CYCLOPEDIA CIVIL ENGINEERING
260 ## - PUBLICATION, DISTRIBUTION, ETC.
Name of publisher, distributor, etc. AMERICAN SOCIETY OF PLANT PHYSIOLOGISTS
Date of publication, distribution, etc. 1927
300 ## - PHYSICAL DESCRIPTION
Extent 1
Holdings
Withdrawn status Lost status Damaged status Not for loan Home library Current library Date acquired Source of acquisition Cost, normal purchase price Total Checkouts Barcode Date last seen Price effective from Koha item type
        College of Architecture, Pune College of Architecture, Pune 23/07/2024 AR.VAIDYA S.M. 1.00   ARP-DON-283 23/07/2024 23/07/2024 Book